000 00890cam a22002653a 4500
001 19248
003 PGUSA
005 20140828083416.0
008 060911s2006||||xxu|||||s|||||000 | eng d
040 _aPGUSA
_beng
042 _adc
050 4 _aPQ
050 4 _aHN
100 1 _aFrance, Anatole,
_d1844-1924
245 1 0 _aOpinions sociales
_h[electronic resource] /
_cAnatole France
260 _bProject Gutenberg,
_c2006
505 0 _at.1. Conte pour commencer gaiement l'année. Crainquebille. Clopinel. Roupart. Allocutions -- t. 2. La religion et antisémitisme. L'armée et l'affaire. La presse. La justice civile et militaire.
506 _aPublic domain in the USA.
516 _aElectronic text
653 _aFrance -- Social conditions
653 _aSocialism
830 0 _aProject Gutenberg
_v19248
856 4 0 _uhttp://www.gutenberg.org/ebooks/19248
942 _cEB
999 _c248503
_d248503